000 00460cam a22001934a 4500
005 20250605164253.0
008 250528s ||||||||||||||||||||||||d
035 _a21832
020 _a9781412907774
040 _aGR-AtMCL
_bgre
_dGR-AtMCL
_eAACR2
245 1 _aKEY CONCEPTS IN MENTAL HEALTH
250 _a1
260 _bSage Publications,
_c2005
300 _a204
700 1 _aPilgrim David
_97417
942 _cBK
999 _c6890
_d6890